| 000 | 00669cam a22002295a 4500 | ||
|---|---|---|---|
| 005 | 20171120110924.0 | ||
| 008 | 171119t2016 enk fr 001 0 eng d | ||
| 020 | _a9781329898448 | ||
| 040 |
_aEG-ScBUE _beng _cEG-ScBUE _dEG-ScBUE |
||
| 082 | 0 | 4 |
_222 _a615.1 _bGUE |
| 100 | 1 | _aGuerra, Tony. | |
| 245 | 1 | 0 |
_aMemorizing pharmacology : _ba relaxed approach / _cby Tony Guerra. |
| 250 | _a1st ed. | ||
| 260 |
_a[London] : _bTony Guerra, _cc.2016. |
||
| 300 |
_axx, 216 p. ; _c18 cm. |
||
| 500 | _aInclude index. | ||
| 650 | 7 |
_2BUEsh _938454 _aClinical pharmacology. |
|
| 651 | _2BUEsh | ||
| 653 |
_bPPhrm _cNovember2017 |
||
| 655 |
_vReading book _934232 |
||
| 942 | _2ddc | ||
| 999 |
_c25614 _d25586 |
||